| 000 | 00810nas a2200265 4500 | ||
|---|---|---|---|
| 001 | BR9000806 | ||
| 003 | BR-BrBNA | ||
| 005 | 20231205091816.0 | ||
| 007 | ta | ||
| 008 | 230509b bl.|||p| |||| 00| 00por d | ||
| 040 |
_aBR-BrBNA _bpor _cBiblioteca Nacional de Agricultura |
||
| 041 | _a(Pt) | ||
| 072 | _aH60 | ||
| 100 | 1 | _aMatallo, M.B. | |
| 100 | 1 | _aBlanco, H.G. | |
| 100 | 1 | _aSantos, C.A.L. dos | |
| 245 | 1 | _aSeletividade e eficiencia do acifluoren-sodio como herbicida pos-emergente na cultura da ervilha (Pisum sativum) | |
| 650 | _aERVILHA | ||
| 650 | _aERVA DANINHA | ||
| 650 | _aHERBICIDA | ||
| 650 | _aCONTROLE QUIMICO | ||
| 773 | 0 |
_tBiologico (Brazil) _xISSN 0366-0567 _g(Apr-Jun 1986), v. 52(4-6) p.43-47 _wBR9000806 |
|
| 909 |
_a202311 _bLúcia _c55 _dLúcia Elande |
||
| 942 |
_2AGRIS _n0 _cANA |
||
| 999 |
_c127484 _d127484 |
||